[Event "EU-ch 6th"]
[Site "Warsaw"]
[Date "2005.06.26"]
[Round "8"]
[White "Sokolov, Ivan"]
[Black "Popov, Valerij"]
[Result "1/2-1/2"]
[WhiteElo "2662"]
[BlackElo "2568"]
[Annotator "Ribli,Z"]
[PlyCount "77"]
[EventDate "2005.06.18"]
[EventType "swiss"]
[EventRounds "13"]
[EventCountry "POL"]
[SourceTitle "CBM 108"]
[Source "ChessBase"]
[SourceDate "2005.09.26"]
[SourceVersion "1"]
[SourceVersionDate "2005.09.26"]
[SourceQuality "1"]

1. d4 Nf6 2. c4 e6 3. Nf3 d5 4. Nc3 dxc4 5. e4 Bb4 6. Bg5 c5 7. e5 {GM Sokolov
spielte früher auch die Fortsetzung 7.Bxc4.} cxd4 (7... h6 8. exf6 hxg5 9. fxg7
Rg8 10. Qc2 Nd7 (10... cxd4) 11. dxc5 Qf6 12. Bxc4 Bxc3+ 13. bxc3 Nxc5 14. O-O
Bd7 15. Qe2 Rxg7 16. Ne5 {1-0 Sokolov,I-Perunovic,M/Neum 2005/CBM 106 ext (24)}
) 8. Nxd4 {Als ich 1987 diesen Zug spielte, war er eine theoretische Neuerung 
(Ribli,Z. - Chernin,A. Subotica zt 1987). Heutzutage ist das eine
Hauptvariante.} (8. exf6) (8. Qa4+) 8... Qa5 (8... h6 $5) 9. exf6 Bxc3+ (9...
Qxg5 $4 {Das wäre großer Fehler, aber interessanterweise wird er später in
einigen Partien begangen!} 10. Qa4+ Nc6 11. Nxc6 Bxc3+ 12. bxc3 Bd7 13. Qa5 $18
) 10. bxc3 Qxg5 11. fxg7 Qxg7 (11... Rg8 12. h4 Qe5+ 13. Be2 Rxg7 (13... Qxg7
14. Rh3 $1 $36) 14. O-O $14) 12. Qf3 {Mit diesem Damenzug möchte Weiß die
Entwicklung des schwarze Damenflügels unterbinden. Nach meiner Meinung würde
die Alternative 12.Qd2!? Weiß einen größeren Eröffnungsvorteil bietet.} (12.
Bxc4 O-O 13. Qf3 Nd7 14. Bb3 (14. Be2 Nc5 15. O-O b6 $1 $11) 14... Nc5 15. O-O
b6 16. Rfe1 Bb7 17. Qh3 Kh8 (17... Nd3 $10) 18. Re3 Rg8 19. f3 Qf6 20. Bc2 Rg7
21. Qh5 Rag8 22. g3 Nd7 {0-1 Klimov,S-Ovod,E/St Petersburg 2002/ (27)}) (12.
Qd2 $5) 12... Rg8 {Dieser Zug hat keinen guten Ruf - nach meiner Meinung sind
die folgenden Alternativen besser für Schwarz.} (12... Nd7 $5) (12... O-O $5)
13. g3 {Mit diesem Zug befreit Weiß seinen Läufer von der Verteidigung des
g2-Bauern.} (13. O-O-O Qg4 (13... Nd7 $5) (13... Qg5+ $5) 14. Qe3 Bd7 15. f4 $1
$16 Nc6 16. Be2 $2 (16. Nb5 $1 O-O-O (16... Ke7 17. Qc5+ Kf6 18. Rxd7 Qxf4+ 19.
Rd2 $1 Rad8 20. Qf2 $1 $18) 17. Nd6+ Kc7 18. Nxf7 Rdf8 19. Nh6 $18) 16... Qg6
17. Nb5 O-O-O 18. Bf3 Qf6 19. Kb2 {1-0 Ribli,Z-Chernin,A/Subotica 1987/CBM 003/
[Ribli] (54)}) 13... Qg4 (13... Qe5+ 14. Be2 Qd5 15. O-O Nc6 16. Nxc6 bxc6 17.
Qe3 Rg5 18. Bf3 Qc5 19. Bxc6+ Qxc6 20. Qxg5 {1-0 Genov,P-Karaklajic,N/Subotica
1999/EXT 2005 (46)}) 14. Qe3 {Weiß möchte seine Dame auf dem Brett halten,
aber der Damentausch verdient ebenfalls Aufmerksamkeit.} (14. Qxg4 $5 Rxg4 15.
Nb5 Na6 16. Nd6+ Ke7 17. O-O-O $14) 14... Qg5 (14... Bd7 15. Rb1 $14 (15. Bg2))
15. f4 (15. Bxc4 Qxe3+ 16. fxe3 Nd7 $11 {[%cal Gd7e5]}) 15... Qd5 16. Rg1 Nc6
$11 {Schrittweise kann Schwarz seine Entwicklung beenden. Er hat einen Bauern
mehr, aber die weiße Stellung ist aktiver.} 17. O-O-O (17. Bg2 $2 Nxd4 $17) (
17. Nxc6 Qxc6 18. Qd4 Bd7 19. O-O-O $11) 17... Bd7 18. Rg2 (18. Bg2 Qc5 $15) (
18. Nb3 $5) 18... Qc5 {[%csl Gc5][%cal Gc5e3,Gc5a3,Ga3c1] Die Dame steht gut
auf c5: sie fesselt den d4-Springer und Weiß muss auch mit Qa3+ rechnen.} 19.
Rb2 Ne7 $5 {[%cal Ge7d5][%mdl 32] Statt der beachtenswerten langen Rochade,
möchte Schwarz seine Springerstellung verbessern.} (19... O-O-O 20. Nc2 Qxe3+
21. Nxe3 $11) 20. Bg2 (20. Rxb7 $6 Qa3+ 21. Rb2 Nd5 $17) 20... Bc6 21. Bxc6+
bxc6 22. Nc2 Qa5 (22... Qxe3+ 23. Nxe3 Nd5 24. Nxc4 Nxc3 25. Nd6+ (25. Rb7 Nxd1
26. Nd6+ Kd8 (26... Kf8 27. Rxf7#) 27. Nxf7+ $11) 25... Kf8 26. Rdd2 $14 (26.
Rb7 Rg7)) 23. Rb7 (23. Qe5 Qxe5 24. fxe5 Rg5 25. Ne3 Rxe5 26. Nxc4 Rc5 $15)
23... Nd5 24. Qe4 $2 (24. Qe5 $142 $1 $13) 24... Qa6 25. Qxh7 O-O-O $2 {
Schwarz kann zwar mit Sicherung seines König zufrieden sein, aber die
Alternative 25...Rf8! ist stärker.} (25... Rf8 $1 $17) 26. Rxf7 Nxc3 27. Rdd7 (
27. Rc7+ Kb8 28. Rxd8+ Rxd8 29. Rd7 $11) 27... Nxa2+ 28. Kd1 (28. Kd2) 28...
Rxd7+ 29. Rxd7 c3 {[%cal Ga6f1] Mit diesem Zug öffnet Schwarz die a6-f1
Diagonale für die Dame.} 30. Qxg8+ (30. Rc7+ Kb8 31. Rb7+ Qxb7 32. Qxg8+ Qc8
33. Qxc8+ Kxc8 34. h4 Kd7 35. h5 Ke7 36. Nd4 $14) (30. Ke1) 30... Kxd7 31. Qg7+
Ke8 (31... Kd6) 32. Qg8+ Ke7 {[%mdl 4096]} 33. Qb8 $4 {[%csl Rb8,Rd1] Mit
diesem Zug riskiert Weiß viel. Es wäre besser, mit 34.Qg7+ auf Remis zu
spielen.} (33. Qg7+ $11) 33... c5 $2 (33... Qd3+ 34. Ke1 Qd2+ 35. Kf1 Qd1+ (
35... Qxc2 36. Qc7+ Kf8 37. Qd6+ Kf7 38. Qd7+ $11) 36. Ne1 c2 37. Qc7+ (37.
Qb7+ Kf8 38. Qb8+ Kf7 39. Qb7+ Kg6 $19) (37. Qxa7+ Kf6 $19) 37... Kf6 38. Qe5+
Kf7 39. Qc7+ Kg6 $19) (33... Qf1+ 34. Ne1 c2+ 35. Kxc2 Qe2+ 36. Kb3 Nc1+ 37.
Kc3 Qxe1+ 38. Kc2 Qe3 $19) 34. h4 $2 (34. Qc7+ Ke8 35. Qh7 $17) 34... Qc4 $2 (
34... Qf1+ $19) (34... Qd3+ 35. Ke1 Qxg3+ $19) 35. g4 (35. Qxa7+ Kf6 36. Qh7
Qd5+ 37. Ke1 Qd2+ 38. Kf1 Nb4 39. Qh6+ Ke7 40. Qg7+ Kd6 41. Qe5+ Kd7 42. Nxb4
cxb4 43. Qb5+ Ke7 44. Qxb4+ Kf7 $19) 35... Nb4 (35... Qd3+ 36. Ke1 Qd2+ 37. Kf1
Qd1+ 38. Ne1 c2 39. Qxa7+ Kf6 40. Qxc5 Qxe1+ 41. Kxe1 c1=Q+ 42. Qxc1 Nxc1 43.
Kf2 $11) (35... Qd5+ 36. Ke1 Qh1+ 37. Kf2 (37. Ke2 Nc1+ $19) 37... Qxh4+ 38.
Kf3 $11) 36. Qxa7+ Kd6 37. Qb8+ Kd7 38. Qb7+ Kd6 39. Qb8+ 1/2-1/2

[Event "Dresden zt 1.2"]
[Site "Dresden"]
[Date "1998.05.06"]
[Round "8"]
[White "Sokolov, Ivan"]
[Black "Dizdar, Goran"]
[Result "1/2-1/2"]
[WhiteElo "2625"]
[BlackElo "2530"]
[Annotator "Ribli,Z"]
[PlyCount "84"]
[EventDate "1998.04.28"]
[EventType "swiss"]
[EventRounds "11"]
[EventCountry "GER"]
[SourceTitle "CBM 065"]
[Source "ChessBase"]
[SourceDate "1998.08.06"]
[SourceVersion "1"]
[SourceVersionDate "1998.08.06"]
[SourceQuality "1"]

{[%mdl 256]} 1. d4 d5 2. c4 e6 3. Nf3 Nf6 4. Nc3 Bb4 5. Bg5 dxc4 {Dies ist die
Grundstellung der Wiener-Variante. Meines Erachtens ist das ganze System ist
ein wenig verdächtig, aber bis jetzt ist keine Widerlegung bekannt. Die
Variante führt zu lebendigem Figurenspiel und gibt dem Schwarzen gute
Gegenchancen.} 6. e4 c5 7. Bxc4 cxd4 8. Nxd4 Qa5 {Das ist eine interessante,
aber relativ seltene Zugfolge.} ({Normalerweise spielt Schwarz} 8... Bxc3+ 9.
bxc3 Qa5 {, aber in diesem Fall bietet Karpovs Waffe} 10. Nb5 {dem Weißen
Initiative.} (10. Bb5+)) 9. Bd2 (9. Ndb5 $2 Nxe4 {[%cal Re4c3,Re4g5]} (9...
Nbd7 10. Nd6+ Ke7 $15) 10. Qd4 {[%cal Rd4g7,Rd4e4]} a6 11. Qxg7 Rf8 $19) ({
Weiß kann mit} 9. Bxf6 Bxc3+ 10. bxc3 {in die Hauptvarianten gelangen.} Qxc3+
11. Kf1 gxf6 12. Rc1) 9... Qc5 10. Bb5+ Bd7 11. Nb3 (11. Bxd7+ Nbxd7 $11) 11...
Qe7 (11... Qb6 12. Bd3 O-O 13. O-O e5 $6 14. Be3 Qd8 15. Nd5 $16 {Dautov,
R-Levin,F/USSR 1987}) 12. Qe2 (12. Bd3 Nc6 13. O-O (13. a3 Bd6 (13... Bxc3 $5
14. Bxc3 e5 $5 {[%csl Rb3,Rc3]} (14... O-O 15. e5 Nd5 $11 {[%csl Rc3,Gd5]}) 15.
O-O O-O 16. f4 Ng4 (16... exf4 17. Rxf4 Ne5 $2 18. Bb4 $16 {[%cal Rb4f8]}) 17.
Qe2 exf4 18. Rxf4 Nge5 $11 {[%csl Rb3,Ge5]}) 14. O-O (14. Be3 a6 15. O-O O-O
16. f4 e5 17. f5 Nd4 18. Nxd4 exd4 19. Bxd4 Bc5 20. Bxc5 Qxc5+ 21. Kh1 Bc6 22.
Qf3 Rfe8 23. Qg3 Rad8 {1/2-1/2 Gelfand,B-Tkachiev,V/FIDE-Wch k.o. 1997}) 14...
Rd8 (14... O-O 15. f4 $14) 15. f4 $14 {1/2-1/2 Topalov,V-Polgar,J/Hoogovens
1998 (37)}) 13... O-O 14. a3 Bd6 15. f4 (15. Bg5 h6 16. Bh4 Bf4 17. Ne2 e5 18.
Nxf4 exf4 19. f3 Be6 20. Bf2 Rfd8 21. Nc5 Ne5 22. Qb1 Bc4 23. Rd1 Rac8 24. Bxc4
Nxc4 25. Rxd8+ Qxd8 {1-0 Kramnik,V-Lautier,J/Amber Blindfold, Monte Carlo MON
1998 (45)}) 15... e5 16. f5 Nd4 17. Bg5 Bc6 18. Nd2 b5 19. Nd5 Bxd5 20. exd5
Bc5 21. Kh1 Rfd8 22. Ne4 {1-0 Nikolic,P-Lautier,J/Amber Rapid, Monte Carlo MON
1998 (31)}) (12. Bxd7+ Nbxd7 $11) 12... O-O 13. Bd3 (13. Bxd7 Nbxd7 14. a3 Nc5
15. Nxc5 Bxc5 16. O-O {1/2-1/2 Zueger,B-Kishnev,S/ Gelsenkirchen 1991 (16)})
13... e5 $5 {[%csl Rb3,Yd4] Nach diesem Zug fällt es dem Weißen nicht leicht,
seinen Springer b3 zu aktivieren.} (13... Nc6 14. a3 (14. e5 Bxc3 (14... Nd5
15. Nxd5 (15. Qe4 g6) 15... exd5 16. f4 f6 $13) 15. Bxc3 (15. bxc3 Nd5 16. c4
Ndb4 $13) 15... Nd5 $11 {[%csl Rc3,Gd5] Weiß hat das Läuferpaar, aber der
starke Springervorposten auf d5 sichert dem Schwarzen gleiche Chancen.}) 14...
Bxc3 15. Bxc3 e5 {Mit Zugumstellung wir haben die Partiefortsetzung.}) 14. a3 (
14. O-O Nc6 15. Nd5 Nxd5 16. exd5 Nd4 17. Nxd4 (17. Qe4 Bf5 $13 (17... f5 18.
Bxb4 Qxb4 19. Qxe5 Nxb3 20. axb3 Qxb3 21. Ra3 $14)) 17... exd4 $11) 14... Bxc3
15. Bxc3 Nc6 $11 {[%csl Rb3,Yd4] Das weiße Läuferpaar ist in dieser Stellung
ohne Bedeutung. Der weiße Springer steht unglücklich auf b3, während im Lager
des Nachziehenden keine Schwächen auszumachen sind.} 16. O-O Bg4 17. Qe3 (17.
f3 Be6 $11) 17... Rfd8 18. h3 Be6 {[%csl Rb3]} 19. Nc5 Bc8 20. Nb3 {[%csl Rb3,
Rc3] Mit diesem Zug bietet Weiß Stellungswiederholung an. Die Entscheidung ist
verständlich, denn Schwarz übt starke Kontrolle über den Punkt d4 aus, während
der weiße Läufer c3 wegen des Bauern e5 keine Zukunft hat.} b6 $5 {Der
kroatische Großmeister gibt sich mit Remis zunächst nicht zufrieden.} 21. Rad1
Be6 22. Nc1 Nd7 {[%cal Gd7c5] Der Springer strebt zum Damenflügel und Schwarz
plant ...f7-f6, um den Bauern e5 zu stärken.} 23. Bb5 Rac8 24. Nd3 f6 {[%csl
Rc3,Ge5,Gf6,Gg7]} 25. Nb4 Nxb4 26. axb4 $5 $36 {Die Doppelbauern sind nicht
schwach und Weiß kann später mit b4-b5 Raum gewinnen.} (26. Bxb4 Qf7 $11) 26...
Nf8 27. h4 Bc4 (27... Ng6 28. g3 $14 {[%csl Rg6]}) 28. Bxc4+ Rxc4 29. Rxd8 Qxd8
30. Qe2 Rc7 (30... Qc7 31. Rd1 $14 {[%csl Gd1,Yd5][%cal Gd1d8] Die Herrschaft
über die d-Linie bietet Weiß einen kleinen Vorteil.}) 31. Rd1 Qc8 {Im
folgenden spielt Schwarz 32...R d7, läßt dabei aber nicht 33.Qc4 zu.} (31...
Rd7 32. Qc4+ Kh8 33. Rd5 $14 {[%csl Gc4,Gd5]}) 32. b5 $14 {[%csl Gd1][%cal
Gc3b4,Gb4f8] Weiß hat Raumvorteil am Damenflügel und das bessere Figurenspiel.
Schwarz besitzt jedoch keine Schwächen und sollte bei präzisem Spiel den
Remishafen erreichen können.} Rd7 33. Rd5 Ne6 {[%cal Re6f4,Rf4e2,Rf4d5]} (33...
Rxd5 34. exd5 $14 {[%csl Gd5]}) 34. g3 Qe8 35. Qc4 Rc7 36. Qb3 h5 $5 {Schwarz
legt die weißen Königsflügelbauern fest.} 37. Rd6 {Auch die maximale Aktivität
der weißen Figuren führt zu nichts.} Re7 {Im schwarzen Lager ist alles
verteidigt. Es ist nicht erkennbar, wie Weiß vorankommen soll.} 38. Qd5 Kh7 {
[%csl Gh7]} 39. Bb4 {[%cal Gb4e7]} (39. Qc6 Nc7 {[%csl Rb5]} 40. Qxe8 Rxe8 $17
{[%csl Rb5,Gc7][%cal Rc7b5]}) 39... Nc7 $11 {[%csl Rb5][%cal Rc7b5,Rc7d5]} 40.
Qd1 {[%cal Gd1h5]} Ne6 {[%csl Rb5][%cal Re6d4]} (40... Nxb5 $2 41. Rd8 $18 {
[%csl Re8,Rh5][%cal Rb4e7]}) 41. Qd5 (41. Rd5 Rc7 $15 {[%csl Rb5,Gc7,Ge6]})
41... Nc7 42. Qd1 {Die Stellungswiederholung ist beiderseitig erzwungen.} Ne6
1/2-1/2

[Event "FRA-chT Top 16 GpB"]
[Site "Port Barcares"]
[Date "2005.05.06"]
[Round "10"]
[White "Bacrot, Etienne"]
[Black "Delchev, Aleksander"]
[Result "0-1"]
[WhiteElo "2731"]
[BlackElo "2614"]
[Annotator "Ribli,Z"]
[PlyCount "46"]
[EventDate "2005.05.04"]
[EventType "team"]
[EventRounds "11"]
[EventCountry "FRA"]
[SourceTitle "CBM 107"]
[Source "ChessBase"]
[SourceDate "2005.08.01"]
[SourceVersion "1"]
[SourceVersionDate "2005.08.01"]
[SourceQuality "1"]

1. d4 Nf6 2. c4 e6 3. Nf3 d5 4. Nc3 dxc4 5. e4 Bb4 6. Bg5 c5 7. Bxc4 cxd4 8.
Nxd4 Qa5 {Der bulgarische Großmeister favorisiert diese Fortsetzung. Die
Hauptidee des Damenzugs besteht darin, das Nehmen auf c3 hinauszuzögern.} 9.
Bd2 (9. Bb5+ Bd7 10. Bxf6 gxf6 11. O-O (11. Qd3) (11. Bxd7+) 11... Bxc3 12.
Bxd7+ Nxd7 13. bxc3 {Auf diese Weise haben wir eine bekannte Stellung erreicht,
die auch mit der Zugfolge 8...Bxc3 9.bxc3 Qa5 10.Bb5+ entsteht.}) 9... Qc5 $5 (
9... O-O 10. Qe2 (10. Nc2 Bxc3 11. Bxc3 Qg5 12. Qe2 Qxg2 13. O-O-O Qxe4 14.
Rhg1 g6 15. Ne3 e5 16. f4 (16. Nd5 Qxe2 17. Nxf6+ Kg7 18. Bxe2 Kxf6 19. f4 Kg7
20. Bxe5+ Kg8 $15) 16... Be6 17. Bxe6 fxe6 18. fxe5 Nd5 19. Rxd5 exd5 20. e6
Rf3 21. Re1 Nc6 22. e7 Re8 23. Qd2 {0-1 Chatalbashev,B-Delchev,A/Reggio Emilia
2004}) 10... e5 (10... Rd8) 11. Nc2 Nc6 12. a3 Nd4 13. Qd3 Nxc2+ (13... Bxc3
14. Bxc3 Nxc2+ 15. Qxc2 Qc7 16. Qe2 Bg4 17. f3 Rac8 18. Ba2 Bd7 19. O-O Qb6+
20. Qf2 Qxf2+ 21. Kxf2 $14) 14. Qxc2 Qc7 15. Bb3 Be7 16. O-O (16. Rc1 Qb6 17.
Be3 Qa6 18. Qe2 b5 19. Nxb5 Rb8 20. Bc4 Be6 21. Bd3 Nxe4 22. O-O Ng3 23. hxg3
e4 24. Bxe4 Qxb5 25. Qxb5 Rxb5 26. b4 {1-0 Azmaiparashvili,Z-Delchev,A/Nova
Gorica 2005/ (58)}) 16... Bd7 17. Bg5 Rac8 18. Rfd1 b5 19. Qe2 Bc6 20. Bxf6
Bxf6 21. Nd5 Bxd5 22. Rxd5 {1/2-1/2 Jankovic,A-Delchev,A/Cannes 2005/CBM 105
ext (53)}) 10. Bb5+ Bd7 (10... Nbd7 11. Nb3 Qb6 12. Qe2 a6 13. Bd3 $14) 11. Nb3
Qe5 $5 {Auf den ersten Blick scheint es, dass die schwarze Dame auf e5
exponiert steht, aber in dieser konkreten Stellung bekommt Schwarz gute
taktische Gegenchancen.} (11... Qe7 12. Bd3 Nc6 13. O-O O-O 14. a3 Bd6 (14...
Bxc3 $5 15. Bxc3 e5 {Weiß besitzt das Läuferpaar, aber sein Springer b3 und
der Läufer c3 stehen nicht so gut.}) 15. f4 e5 16. f5 {[%csl Yd4,Yd5]} Nd4 17.
Bg5 {[%cal Gg5e7] Die Felder d4 und d5 sind beiderseitig schwach. Dank der
Fesselung des Springers f6 steht Weiß besser.} Bc6 18. Nd2 $1 {[%cal Gd2c4,
Gc4e3,Ge3d5] Weiß verbessert seine Springerstellung.} Rfd8 $146 19. Kh1 $1 (19.
Nc4 Bc5 20. Kh1 Nb5 $11) 19... Bc7 (19... h6 20. Bh4 Rac8 21. Bc4 Bc5 22. Nd5
Bxd5 23. Bxd5 $14 {[%csl Gd5]}) 20. Bc4 Qd6 21. Bd5 $14 {1-0 Bacrot,
E-Fressinet,L/Meribel 1998/CBM 67/[Ribli] (44)}) (11... Qb6 12. Bd3 Nc6 13. Be3
Bxc3+ 14. bxc3 Qc7 15. f4 Na5 16. O-O Nc4 17. Bd4 e5 18. Bxc4 Qxc4 19. Bxe5
Nxe4 20. Re1 {1-0 Teske,H-Donchenko,A/Muehlhausen 2003/EXT 2005 (44)}) 12. Bd3
(12. f4 Qc7 13. Bd3 Bxc3 14. bxc3 (14. Bxc3 Qxf4) 14... Bc6 15. Qe2 Nbd7 16.
O-O e5 17. Kh1 O-O 18. Rae1 Rfe8 19. Qf3 a5 20. Be3 Rad8 {0-1 Notkin,M-Vescovi,
G/2004/ (43)}) 12... Na6 {[%cal Ga6c5][%mdl 4] Schwarz bringt seinen Springer
durch c5 ins Spiel.} (12... Nc6 13. a3 $14) 13. f4 (13. a3 Nc5 $11) (13. O-O
Nc5 14. Nxc5 (14. f4 Qd6 (14... Qc7 15. Nxc5 Qxc5+ 16. Kh1 $14) 15. Nb5 Qb6 (
15... Qxd3 16. Nc7+ Kd8 (16... Ke7 $2 17. Bxb4 $18) 17. Bxb4 Qxd1 18. Raxd1
Kxc7 19. Nxc5 $14) 16. Nd6+ Qxd6 17. Bxb4 Nfxe4 (17... Qxd3 18. Nxc5 Qxd1 19.
Rfxd1 Bc6 20. Rac1 $14) 18. Bc2 Qxd1 19. Raxd1 Rc8 20. Nxc5 Nxc5 $15) 14...
Bxc5 $11 {[%csl Gc5][%cal Gc5g1]}) 13... Qd6 14. Bc2 $6 (14. Qe2 $1 Bxc3 15.
bxc3 (15. Bxc3 Qxf4) 15... e5 (15... Nc5 16. Nxc5 Qxc5 17. e5 Nd5 18. Qf2 Qxf2+
19. Kxf2 $14) 16. O-O O-O 17. fxe5 Qxe5 18. Bf4 Qxc3 19. Rac1 $44) 14... Qb6
$11 {[%cal Gb6g1] Schwarz hat eine bequeme, gleiche Stellung - er hat keine
Schwächen; hingegen kann Weiß nicht rochieren.} (14... e5 $11) 15. e5 $6 (15.
Qe2 $11) (15. Qf3 $11) 15... Nd5 16. Nxd5 (16. Qf3 Bc6 17. Qg3 O-O $11) 16...
exd5 $15 17. Qe2 Rc8 18. Bd3 (18. Rc1 Rc4 $15 (18... O-O $15)) 18... O-O 19.
Qf2 Bxd2+ (19... Nc5 20. Nxc5 Bxc5 21. Qh4 h6 $17) 20. Qxd2 Nb4 $17 {[%csl Gb4,
Gc8,Re1]} 21. Bb1 Ba4 {[%mdl 2048] Schwarz hat ausgezeichnetes Figurenspiel.
weil der weiße König in der Mitte unsicher steht.} 22. Ke2 {Kein sinnvoller
Zug, aber guter Rat ist teuer.} (22. a3 Bxb3 23. axb4 Rc4 $17) 22... f6 $19 {
Mit diesem Zug öffnet Schwarz die Stellung, worauf Weiß hat keine sinnnvolle
Verteidigung besitzt.} 23. Qd4 $2 (23. exf6 Rxf6 $19) (23. e6 Bxb3 24. axb3
Qxe6+ 25. Kf3 Qb6 $19) 23... Bxb3 (23... Bxb3 24. Qxb6 Bc4+ $19) 0-1

[Event "Hoogovens"]
[Site "Wijk aan Zee"]
[Date "1998.01.24"]
[Round "7"]
[White "Topalov, Veselin"]
[Black "Polgar, Judit"]
[Result "1/2-1/2"]
[WhiteElo "2740"]
[BlackElo "2670"]
[Annotator "Ribli,Z"]
[PlyCount "75"]
[EventDate "1998.01.16"]
[EventType "tourn"]
[EventRounds "13"]
[EventCountry "NED"]
[EventCategory "17"]
[SourceTitle "CBM 063"]
[Source "ChessBase"]
[SourceDate "1998.03.26"]
[SourceVersion "1"]
[SourceVersionDate "1998.03.26"]
[SourceQuality "1"]

1. d4 Nf6 2. c4 e6 3. Nf3 d5 4. Nc3 dxc4 {Die sogenannte Wiener Variante des
Damengambits, die dem Schwarzen gute taktische Gegenchancen bietet. Nach
meiner persönliche Meinung ist das ganze System ein wenig verdächtig, aber bis
jetzt ist keine Widerlegung bekannt.} 5. e4 Bb4 6. Bg5 c5 7. Bxc4 cxd4 8. Nxd4
Qa5 $5 {Eine interessante Zugfolge. Normalerweise spielt Schwarz 8...Bxc3 9.
bxc3 Qa5, aber dort ist 10.Nb5 gefährlich für Schwarz.} 9. Bd2 {Durch andere
Züge - 9.Bxf6 oder 9.Bb5 Nbd7 10.Bxf6 - kann Weiß mit Zugumstellung die
Hauptvarianten erreichen.} (9. Bxf6 Bxc3+ 10. bxc3 Qxc3+ 11. Ke2 Qxc4+ 12. Kf3
Qc3+ 13. Kg4 e5+ 14. Nf5 Bxf5+ 15. exf5 gxf6 16. Kh5 Qc7 17. Kh6 Nc6 18. Rc1
Qd7 19. Qh5 O-O-O 20. Rhd1 Qe7 21. Qf3 Rxd1 22. Qxd1 Rg8 23. g4 Rg5 {0-1 Daly,
C-Stummer,A/Budapest FS06 IM-B 1994}) (9. Bb5+ Nbd7 10. Bxf6 gxf6 11. Rc1 a6
12. Ba4 Ke7 13. O-O Rd8 14. Nb3 Qe5 15. Bxd7 Bxd7 16. f4 Qd6 17. Qh5 Qb6+ 18.
Kh1 Bc6 19. f5 e5 {0-1 Welin,T-Rantanen,Y/FIN-SVE 1988 (33)}) (9. Ndb5 $6 Nbd7
$5 10. Nd6+ Ke7 $15) 9... Qc5 10. Bb5+ Bd7 11. Nb3 (11. Bxd7+ Nbxd7 $11) 11...
Qe7 $11 (11... Qb6 12. Bd3 O-O 13. O-O e5 $6 (13... Nc6 $5) 14. Be3 Qd8 15. Nd5
$16 {Dautov,R-Levin,F/USSR 1987}) 12. Bd3 (12. Qe2 O-O 13. Bxd7 Nbxd7 14. a3
Nc5 15. Nxc5 Bxc5 16. O-O {1/2-1/2 Zueger,B-Kishnev,S/Gelsenkirchen 1991}) (12.
Bxd7+ Nbxd7 $11) 12... Nc6 13. a3 Bd6 (13... Bxc3 $5 14. Bxc3 e5 {Nach meiner
Meinung ist das weiße Läuferpaar nicht von Bedeutung und auch der b3-Springer
steht nicht gut.} (14... O-O 15. e5 Nd5 $11) 15. O-O O-O 16. f4 Ng4 {[%cal
Rg4e3,Re3f1,Re3d1]} (16... exf4 17. Rxf4 Ne5 18. Bb4 $16) 17. Qe2 exf4 18. Rxf4
Nge5 $11) 14. O-O $5 $146 (14. Be3 a6 15. O-O O-O 16. f4 e5 17. f5 Nd4 18. Nxd4
exd4 19. Bxd4 Bc5 20. Bxc5 Qxc5+ 21. Kh1 Bc6 22. Qf3 Rfe8 23. Qg3 Rad8 {
1/2-1/2 Gelfand,B-Tkachiev,V/FIDE-Wch k.o. 1997}) 14... Rd8 (14... O-O 15. f4
e5 16. Nd5 (16. Nb5 exf4 (16... Bc5+) 17. Nxd6 Qxd6 18. Bxf4 Ne5 $11) 16...
Nxd5 17. exd5 Nd4 18. Re1 $14 {[%cal Ge1e7]} (18. fxe5 Bxe5 (18... Qxe5 19. Bf4
Qxd5 (19... Qf6 $2 20. Bxd6 Qxd6 21. Nxd4 $18) 20. Bxd6 Qxd6 21. Bxh7+ Kxh7 22.
Qxd4 $11) 19. Bb4 Qh4 20. g3 Bxg3 21. hxg3 Qxg3+ 22. Kh1 Nxb3 23. Qxb3 Qh3+ $11
)) 15. f4 $14 Bc8 {[%cal Gd8d1]} 16. e5 Bc5+ 17. Kh1 (17. Nxc5 $2 Qxc5+ 18. Kh1
Rxd3 (18... Nd5 $2 19. Ne4 $14) 19. exf6 gxf6 20. Ne4 Qd4 $17) 17... Rxd3 18.
exf6 gxf6 19. Qe2 $44 {Durch den schwarzen König in der Mitte hat Weiß Spiel
für den geopferten Bauern.} Qd8 $8 (19... Rd8 20. Nxc5 Qxc5 21. Ne4 Qe7 (21...
Qd4 22. Bc3 $18) 22. Bc3 Nd4 23. Qc4 $14) 20. Rad1 (20. Nxc5 Rxd2 $132) 20...
Be7 21. Be3 Rd7 $5 (21... Rxd1 22. Rxd1 Bd7 23. Nc5 Bxc5 24. Bxc5 $44 {[%csl
Gc5][%cal Gc5f8]}) 22. f5 (22. Nc5 Bxc5 23. Bxc5 b6) (22. Ne4) 22... Rxd1 23.
Rxd1 Qc7 {Es ist interessant, daß Weiß trotz besserer Entwicklung und der
schwarzen Königsstellung in der Mitte nichts konkretes hat.} 24. fxe6 (24. Nb5
Qe5 $13 (24... Qb8)) (24. Nc5 b6) 24... Bxe6 (24... fxe6 $4 25. Qh5+ Kf8 26.
Bh6+ $18) 25. Nd4 (25. Nc5 Bxc5 26. Bxc5 Qe5) 25... Nxd4 26. Bxd4 Rg8 {Schwarz
hat einen Mehrbauern und das Läuferpaar, aber die weiße Initiative gibt etwa
gleiche Chancen.} 27. Qf2 {[%csl Ra7,Rf6]} (27. Nb5 Qc4 $5 (27... Qc6 28. Nxa7
Qc4 (28... Qa4 29. Qb5+ Qxb5 30. Nxb5 $14) 29. Qxc4 Bxc4 $11) (27... Qf4 28.
Nxa7 Bg4 29. Qd2 $11) 28. Qxc4 Bxc4 29. Nxa7 Bd5 {[%csl Gd5]} 30. Rd2 Rg5)
27... Rg5 $15 {[%cal Gg5a5]} 28. Ne4 (28. Bxf6 $2 Rf5 $19) (28. Bxa7 $5 Rh5 (
28... Rf5 29. Qh4 $13) 29. h3 Qc6 30. Kg1 Bxa3 31. Qxf6 Be7 $13) 28... Rf5 29.
Qe3 Qc4 {[%cal Rf5f1]} 30. Kg1 Rd5 {Schwarz hat wirklich aktives Figurenspiel,
aber wegen seiner strukturellen Schwächen hat Weiß hat gute Ausgleichschancen.}
31. b3 Qc7 32. Rf1 f5 33. Nf6+ $11 Bxf6 34. Bxf6 Qc5 {Die Anwesenheit der
ungleichfarbigen Läufer bietet immer gute Remischancen für den Verteidiger.
Schwarz hat nur theoretischen Vorteil.} 35. Qxc5 Rxc5 36. Rd1 {[%cal Rd1d8]
Die letzte Drohung in der Partie.} Rd5 37. Rxd5 Bxd5 38. b4 {Die Stellung ist
natürlich remis. Ribli.} 1/2-1/2